| 000 | 00770nam a2200205 i 4500 | ||
|---|---|---|---|
| 001 | 22147 | ||
| 003 | ES-MaACL | ||
| 005 | 20250817065058.0 | ||
| 007 | t| | ||
| 008 | 021219s1882 sp ||||1| spa | | ||
| 100 | 1 |
_aMadrazo y Kuntz, Federico de, _d1815-1894 _975343 |
|
| 245 | 1 | 0 |
_aDiscurso pronunciado el 3 de abril 1882 al pie de la estatua eregida [sic] en Madrid a Bartolomé Esteban Murillo / _cpor Federico Madrazo. |
| 260 |
_aMadrid : _b[s.n.], _c1882 ( _fImp. de Fortanet) |
||
| 300 |
_a6 p. ; _c22 cm. |
||
| 594 | _aTítulo y autor tomado de portada manuscrita. | ||
| 597 | _aTexto recortado, pegado y compuesto en hojas. | ||
| 600 | 1 | 4 |
_aMurillo, Bartolomé Esteban, _d1617-1682 _984581 |
| 852 | 4 |
_aES-MaACL _jT-893-F-3 |
|
| 999 |
_c22147 _d22147 |
||